| Tag |
First Indicator |
Second Indicator |
Subfields |
| LEADER |
00000cam a22000008a 4500 |
| 001 |
in00000008435 |
| 005 |
20151003060013.0 |
| 008 |
870528s1987 nyua b 10110 eng |
| 010 |
|
|
|a 87014803
|
| 020 |
|
|
|a 008034819X :
|c £51.50
|
| 035 |
|
|
|a (OCoLC)16004881
|
| 035 |
|
|
|9 AAA0824AM
|
| 040 |
|
|
|a DLC
|c DLC
|d m/c
|d TXA
|d UtOrBLW
|
| 050 |
0 |
0 |
|a TP165
|b .I57 1987
|
| 082 |
0 |
|
|a 660.2/07
|2 19
|
| 111 |
2 |
|
|a International Conference on Chemical Engineering Education
|n (2nd :
|d 1987 :
|c Robinson College, Cambridge)
|
| 245 |
1 |
0 |
|a Second International Conference on Chemical Engineering Education :
|b a three-day symposium /
|c organised by the Institution of Chemical Engineers on behalf of the European Federation of Chemical Engineers, co-sponsored by the American Institute of Chemical Engineers and the Society of Chemical Engineers, Japan, and held at Robinson College, Cambridge, 14-16 April 1987 ; organising committee, D.C. Freshwater [and others].
|
| 250 |
|
|
|a 1st ed.
|
| 263 |
|
|
|a 8707
|
| 264 |
|
1 |
|a New York :
|b Pergamon Press,
|c 1987.
|
| 300 |
|
|
|a 398 pages :
|b illustrations
|
| 336 |
|
|
|a text
|b txt
|2 rdacontent
|
| 337 |
|
|
|a unmediated
|b n
|2 rdamedia
|
| 338 |
|
|
|a volume
|b nc
|2 rdacarrier
|
| 490 |
1 |
|
|a Symposium series / the Institution of Chemical Engineers ;
|v no. 101
|
| 504 |
|
|
|a Includes bibliographies and index.
|
| 650 |
|
0 |
|a Chemical engineering
|x Study and teaching
|x Congresses.
|
| 700 |
1 |
|
|a Freshwater, D. C.
|
| 710 |
2 |
|
|a Institution of Chemical Engineers (Great Britain)
|
| 830 |
|
0 |
|a Symposium series (Institution of Chemical Engineers (Great Britain)) ;
|v no. 101.
|
| 999 |
|
|
|a MARS
|
| 999 |
f |
f |
|s 5878dea2-40ef-349f-8d24-f3c70a8836a9
|i 95323612-f05c-3773-bb3e-667662afb677
|t 0
|
| 952 |
f |
f |
|p ric
|a Texas A&M University
|b Rellis Campus
|c Joint Library Facility
|d Remote Storage
|t 0
|e TP165 .I57 1987
|h Library of Congress classification
|i unmediated -- volume
|m A14812563524
|
| 998 |
f |
f |
|a TP165 .I57 1987
|t 0
|l Remote Storage
|